Tendencie a zámery v zahraničnom obchode Slovenska

Podrobná bibliografia
Hlavný autor: Burda, Štefan (Autor)
Médium: Článok
Jazyk:slovenčina
Fyzický popis:Fotogr. 1
Predmet:

MARC

LEADER 00000nab a2200000 a 4500
001 vtls000508009
003 SK-MaSNL
005 20260304092100.0
008 250425c1993 xo 0 slo
015 |a SNBRB19rr/mm-uuuuu 
035 |a CL0508147 
035 |a urn:nbn:sk:snk-ab26we 
035 |a (urnnbn)urn:nbn:sk:snk:ar-a01s0e 
035 |a (uuid)3ba45e6f-afbd-4acd-85a0-b60a27c27e1f 
040 |a SNKBUCL  |b slo  |c SNKBUCL  |e AACR2 
041 0 |a slo 
044 |a xo  |c SK 
080 |a 339.56.053(437.6)  |2 1981 
100 1 |a Burda, Štefan  |4 aut  |9 530914 
245 1 0 |a Tendencie a zámery v zahraničnom obchode Slovenska  |c Štefan Burda 
300 |b Fotogr. 1 
650 0 7 |a zahraničný obchod  |2 snkbucl  |9 2200 
650 0 7 |a bilancia obchodná  |2 snkbucl  |9 843194 
655 7 |a články z novín a časopisov  |2 snkbucl  |9 267496 
773 0 |t Biatec  |g Roč. 1, č. 12 (1993), s. 9 
850 |a Slovenská národná knižnica 
852 |a Slovenská národná knižnica 
954 |a odborná, vedecká literatúra pôvodná (slovenská)  |2 lita 
958 |a article2022 
958 |a RK 
958 |a OND 
958 |a EUIPO 
992 |a RBX 
999 |c 2817981  |d 2819911